LEADER 00863nam0 2200253 450 001 000028857 005 20120110101807.0 100 $a20111003d1953----km-y0itaa50------ba 101 0 $aeng 102 $aUS 200 1 $a<> little ark$fby Jan De Hartog$gillustrated by Joseph Low 210 $aNew York$cHarper & Brothers$d1953 215 $a213 P.$cill.$d22 cm. 700 1$aHartog,$bJan de$f<1914-2002>$0330603 702 1$aLow,$bJoseph 801 0$aIT$bUniversità della Basilicata - B.I.A.$gRICA$2unimarc 912 $a000028857 996 $aLittle ark$995855 997 $aUNIBAS BAS $aLETTERE CAT $aEXT012$b20$c20111003$lBAS01$h1058 CAT $aATR$b20$c20120110$lBAS01$h1018 FMT Z30 -1$lBAS01$LBAS01$mBOOK$1BASA1$APolo Storico-Umanistico$2FAA$BFondo anglo-americano$3FM/3284$63284$5L3284$820111003$f04$FPrestabile Didattica